| Tag |
First Indicator |
Second Indicator |
Subfields |
| LEADER |
00000cam a22000001i 4500 |
| 001 |
in00004148721 |
| 006 |
m |o d | |
| 007 |
cr |n||||||||| |
| 008 |
200510s2020 enka ob 001 0 eng d |
| 005 |
20221130134254.6 |
| 020 |
|
|
|a 9781783748945 (electronic bk.)
|
| 020 |
|
|
|a 178374894X (electronic bk.)
|
| 020 |
|
|
|z 1783748923
|
| 020 |
|
|
|z 9781783748921
|
| 020 |
|
|
|z 1783748931
|
| 020 |
|
|
|z 9781783748938
|
| 024 |
8 |
|
|a 99988777534
|
| 035 |
|
|
|a (NhCcYBP)ebc6151557
|
| 035 |
|
|
|a in00004148721
|
| 040 |
|
|
|a NhCcYBP
|c NhCcYBP
|d UtOrBLW
|
| 050 |
|
4 |
|a HB172
|b .O83 2020
|
| 082 |
0 |
4 |
|a 338.5
|2 23
|
| 100 |
1 |
|
|a Osborne, Martin J.,
|e author.
|0 http://id.loc.gov/authorities/names/n90603748
|
| 245 |
1 |
0 |
|a Models in microeconomic theory /
|c Martin J. Osborne, Ariel Rubinstein.
|
| 250 |
|
|
|a [She/Feminine pronouns edition].
|
| 264 |
|
1 |
|a Cambridge :
|b Open Book Publishers,
|c [2020]
|
| 300 |
|
|
|a 1 online resource.
|
| 336 |
|
|
|a text
|b txt
|2 rdacontent
|
| 337 |
|
|
|a computer
|b c
|2 rdamedia
|
| 338 |
|
|
|a online resource
|b cr
|2 rdacarrier
|
| 500 |
|
|
|a Also available online.
|
| 504 |
|
|
|a Includes bibliographical references (pages 327-333) and index.
|
| 588 |
|
|
|a Description based on print version record.
|
| 500 |
|
|
|a Electronic resource.
|
| 650 |
|
0 |
|a Microeconomics
|x Mathematical models.
|0 http://id.loc.gov/authorities/subjects/sh2010101673
|
| 655 |
|
7 |
|a Electronic books.
|2 local
|
| 700 |
1 |
|
|a Rubinstein, Ariel,
|e author.
|0 http://id.loc.gov/authorities/names/n86819101
|
| 710 |
2 |
|
|a ProQuest (Firm)
|0 http://id.loc.gov/authorities/names/n2007068018
|
| 776 |
1 |
8 |
|c Original
|z 1783748923
|z 9781783748921
|z 1783748931
|z 9781783748938
|
| 856 |
4 |
0 |
|u https://ebookcentral.proquest.com/lib/tamucs/detail.action?docID=6151557
|z Connect to the full text of this electronic book
|t 0
|
| 945 |
|
|
|b 71843
|
| 955 |
|
|
|a YBP purchased DDA e-records
|
| 980 |
|
|
|b ebook
|c 99988777534
|g 565701
|k USD
|m 0.02
|q 1
|s AcqMono Conventional
|t Demand driven acquisitions (DDA)
|u Vendor order reference number
|v ZYBP
|y PDA
|z Electronic resource
|
| 987 |
|
|
|a ybp301198867
|
| 999 |
f |
f |
|s 926af209-5caa-4111-b28c-2ea4ff3926d6
|i cc7d2333-cac2-36d9-b459-8ec5c3fdfe97
|t 0
|
| 952 |
f |
f |
|a Texas A&M University
|b College Station
|c Electronic Resources
|d Available Online
|t 0
|e HB172 .O83 2020
|h Library of Congress classification
|
| 998 |
f |
f |
|a HB172 .O83 2020
|t 0
|l Available Online
|